Lehrfreiheit und Lehrbeanstandung

Guardado en:  
Detalles Bibliográficos
Otros Autores: Härle, Wilfried 1941- (Editor) ; Leipold, Heinrich 1931- (Editor)
Tipo de documento: Print Libro
Lenguaje:Alemán
Servicio de pedido Subito: Pedir ahora.
Verificar disponibilidad: HBZ Gateway
Interlibrary Loan:Interlibrary Loan for the Fachinformationsdienste (Specialized Information Services in Germany)
Publicado: Gütersloh Mohn 1985
En:Año: 1985
Colección / Revista:Reader Theologie

MARC

LEADER 00000cam a22000002c 4500
001 1465594248
003 DE-627
005 20220601120613.0
007 tu
008 131105s1985 xx ||||| 00| ||ger c
035 |a (DE-627)1465594248 
035 |a (DE-576)395594243 
035 |a (DE-599)BSZ395594243 
040 |a DE-627  |b ger  |c DE-627  |e rakwb 
041 |a ger 
084 |a 1  |2 ssgn 
245 0 0 |a Lehrfreiheit und Lehrbeanstandung  |c hrsg. von Wilfried Härle und Heinrich Leipold 
264 1 |a Gütersloh  |b Mohn  |c 1985 
336 |a Text  |b txt  |2 rdacontent 
337 |a ohne Hilfsmittel zu benutzen  |b n  |2 rdamedia 
338 |a Band  |b nc  |2 rdacarrier 
490 0 |a Reader Theologie 
500 |a Bd. 1.2 
601 |a Lehrfreiheit 
700 1 |e HerausgeberIn  |0 (DE-588)122426711  |0 (DE-627)081936125  |0 (DE-576)161264395  |4 edt  |a Härle, Wilfried  |d 1941- 
700 1 |e HerausgeberIn  |0 (DE-588)122230578X  |0 (DE-627)1741386942  |4 edt  |a Leipold, Heinrich  |d 1931- 
951 |a BO 
ELC |b 1 
ORI |a SA-MARC-ixtheo_oa001.raw